000 01376naa a22004217a 4500
001 BR7602431
003 BR-BrBNA
005 20240918173825.0
007 ta
008 230509b bl.||||| |||| 00| 0 por d
040 _aBR-BrBNA
_bpor
_cBiblioteca Nacional de Agricultura
041 _a(Pt)
072 _aP12
_b4630
_bG514
090 _aP12 BR7602431
100 1 _aBlois, C.P.
100 1 _aTelles, D.D.
111 1 _a3. Seminario Nacional de Irrigacao e Drenagem
_cFortaleza, CE (Brazil)
_d16 Nov 1975
245 1 _aComparacao tecnica economica dos sistemas de irrigacao por aspersao [Equipamento; Sao Paulo; Brasil]
260 3 _aFortaleza, CE (Brasil):
_c1976.
500 _aAnais do 3. Seminario Nacional de Irrigacao e Drenagem Fortaleza, CE (Brasil): 1976. p. 215-250 (BR7602431-AM)P12
650 _aIrrigacao
650 _aAcude
650 _aAgua
650 _aBarragem
650 _aBomba d'agua
650 _aEquipamento
650 _aEvaporacao
650 _aIrrigacao por aspersao
650 _aLixiviacao
650 _aPonto de murcha
650 _aPorosidade
650 _aRendimento
650 _aUmidade
650 _aSao Paulo
773 0 _tAnais do 3. Seminario Nacional de Irrigacao e Drenagem
_b
_wP12 BR7602431
_gFortaleza, CE (Brasil), 1976. p. 215-250
909 _a202404
_bLucia
_c55
_dLucia Elande
942 _cAM
_2AGRIS
999 _c307132
_d307132